Runaiyat of omar khayyam (Record no. 1210344)

MARC details
000 -LEADER
fixed length control field 00480nam a2200193Ia 4500
008 - FIXED-LENGTH DATA ELEMENTS--GENERAL INFORMATION
fixed length control field 151121s9999||||xx |||||||||||||| ||und||
082 ## - DEWEY DECIMAL CLASSIFICATION NUMBER
Classification number 821/Fit
082 ## - DEWEY DECIMAL CLASSIFICATION NUMBER
Item number HNW-1107
100 ## - MAIN ENTRY--PERSONAL NAME
Personal name Fitzgerald Edward
245 ## - TITLE STATEMENT
Title Runaiyat of omar khayyam
260 ## - PUBLICATION, DISTRIBUTION, ETC. (IMPRINT)
Name of publisher, distributor, etc Book inc new york
260 ## - PUBLICATION, DISTRIBUTION, ETC. (IMPRINT)
Date of publication, distribution, etc --
300 ## - PHYSICAL DESCRIPTION
Extent 255
600 ## - SUBJECT ADDED ENTRY--PERSONAL NAME
Personal name Fitzgerald Edward
630 ## - SUBJECT ADDED ENTRY--UNIFORM TITLE
Uniform title Runaiyat of omar khayyam
700 ## - ADDED ENTRY--PERSONAL NAME
Personal name Fitzgerald Edward
730 ## - ADDED ENTRY--UNIFORM TITLE
Uniform title Runaiyat of omar khayyam
942 ## - ADDED ENTRY ELEMENTS (KOHA)
Koha item type Book
Holdings
Withdrawn status Lost status Damaged status Not for loan Home library Current library Date acquired Cost, normal purchase price Total Checkouts Full call number Barcode Date last seen Cost, replacement price Price effective from Koha item type
        Hirachand Nemchand Wachanalaya, Solapur Hirachand Nemchand Wachanalaya, Solapur 11/21/2015 0.00   HNW-1107 HNW-1107 11/21/2015 0.00 11/21/2015 Book